Report of the general board of health on the epidemic cholera of 1848 & 1849 (Record no. 154743)

MARC details
000 -LEADER
campo de control de longitud fija 00941nam a22002053i 4500
001 - NÚMERO DE CONTROL
campo de control 154743
003 - IDENTIFICADOR DE NÚMERO DE CONTROL
campo de control ES-MaACL
005 - FECHA Y HORA DE LA ÚLTIMA TRANSACCIÓN
campo de control 20230906205833.0
008 - DATOS DE LONGITUD FIJA--INFORMACIÓN GENERAL
campo de control de longitud fija 021028s1850 xxk |||| | eng d
040 ## - FUENTE DE CATALOGACIÓN
Centro catalogador/agencia de origen CCPB | B
Lengua de catalogación spa
Centro/agencia transcriptor CCPB | B
110 1# - ENTRADA PRINCIPAL--NOMBRE DE ENTIDAD CORPORATIVA
Nombre de entidad corporativa o nombre de jurisdicción como elemento de entrada Great Britain.
Unidad subordinada General Board of Health.
9 (RLIN) 155159
245 10 - MENCIÓN DEL TÍTULO
Título Report of the general board of health on the epidemic cholera of 1848 & 1849
Resto del título : [With appendices].
260 ## - PUBLICACIÓN, DISTRIBUCIÓN, ETC.
Lugar de publicación, distribución, etc. London :
Nombre del editor, distribuidor, etc. [s.n.],
Fecha de publicación, distribución, etc. 1850 (
Fabricante printed by W. Clowes & Sons)
300 ## - DESCRIPCIÓN FÍSICA
Extensión VIII, 157, 164, 200 p., [13] h. pleg. de graf. ;
Dimensiones 21 cm.
500 ## - NOTA GENERAL
Nota general Appendices: A. Report by Dr. Sutherland.-B. Report by Mr. Grainger.
500 ## - NOTA GENERAL
Nota general Los ápendices con portada propia.
650 #4 - PUNTO DE ACCESO ADICIONAL DE MATERIA--TÉRMINO DE MATERIA
Término de materia o nombre geográfico como elemento de entrada Cólera-
Subdivisión geográfica Gran Bretaña.
9 (RLIN) 155160
852 ## - LOCALIZACIÓN
Ubicación ES-MaACL
Número de control de estantería R-1371(2)
Nota libre -- Enc. hol.
condición física -- Contiene unicamente el Appendix B
Nota libre .- Donativo Mateo Seoane
852 ## - LOCALIZACIÓN
Ubicación ES-MaACL
Número de control de estantería R-1369(2)
condición física .- Texto y apéndice A
Nota libre .- Donativo Mateo Seoane
Holdings
Estatus retirado Estado de pérdida Estado de daño No para préstamo Colección Biblioteca de origen Biblioteca actual Ubicación en estantería Fecha de adquisición Fuente de adquisición Total de préstamos Signatura topográfica completa Código de barras Visto por última vez Precio de reemplazo Tipo de ítem Koha
        Libros del s. XIX Biblioteca del Ateneo de Madrid Biblioteca del Ateneo de Madrid Depósito 31/07/2014     R-1369(2) 1192995 23/02/2023 23/02/2023 Libro impreso antiguo
        Libros del s. XIX Biblioteca del Ateneo de Madrid Biblioteca del Ateneo de Madrid Depósito 17/01/2008     R-1371(2) 1161851 23/02/2023 23/02/2023 Libro impreso antiguo